000 00691nam a2200217Ia 4500
003 GCL
008 140319s9999 xx 000 0 ara d
040 _aGCL /
_cGCL
082 0 4 _a330.1543
_bهـ ن
100 1 _aمحمد مسعود
245 1 0 _aنظرية اقتصاديات الوحدة اسلوب رياض /
_cمحمد مسعود
700 1 _aكراتشكوفسكى اغناطيوس يوليانوفي
700 1 _aهندرسون , جيمس
260 _a[S.N] :
_bدار ماكجروهيل للنشر
300 _a508
490 _a
650 0 4 _aالاقتصاد
650 0 4 _aالاقتصاد الرياضى
650 0 4 _aالطرق الرياضية
942 _2ddc
_cBK
999 _c30888
_d30888